| 000 -LEADER |
| fixed length control field |
00632nam a22001457a 4500 |
| 008 - FIXED-LENGTH DATA ELEMENTS--GENERAL INFORMATION |
| fixed length control field |
210813b ||||| |||| 00| 0 eng d |
| 100 ## - MAIN ENTRY--PERSONAL NAME |
| Personal name |
Pradhan, Bhabagrahi and Tanwar, Smita |
| 245 ## - TITLE STATEMENT |
| Title |
Blended learning: Need of the hour in Covid-19 Pandemic |
| 260 ## - PUBLICATION, DISTRIBUTION, ETC. (IMPRINT) |
| Place of publication, distribution, etc |
Third Concept |
| 300 ## - PHYSICAL DESCRIPTION |
| Extent |
35(409), Mar, 2021: p.34-36 |
| 520 ## - SUMMARY, ETC. |
| Summary, etc |
The world today is facing a serve health crisis in the form of Covid-19 pandemic. This pandemic has forced everyone to remain in their homes and maintain social distance with everyone. – Reproduced |
| 773 ## - HOST ITEM ENTRY |
| Main entry heading |
Third Concept |
| 906 ## - LOCAL DATA ELEMENT F, LDF (RLIN) |
| Subject DIP |
COVID-19 (DISEASE) – INDIA |
| 942 ## - ADDED ENTRY ELEMENTS (KOHA) |
| Item type |
Articles |